Mahathir : Triumph after trials
| Main Author: | |
|---|---|
| Format: | Book |
| Published: |
Kuala Lumpur :
S.Abdul Majeed & Co ,
1990
|
| Subjects: |
MARC
| LEADER | 00000cam a2200000 7i4500 | ||
|---|---|---|---|
| 001 | 0000052852 | ||
| 005 | 20151008.0 | ||
| 008 | 151008 | ||
| 020 | |a 9839629301 | ||
| 090 | 0 | 0 | |a 320.9595 |b AZI |
| 100 | 0 | |a Aziz Zariza ahmad | |
| 245 | 1 | 0 | |a Mahathir : |b Triumph after trials |c Azizi Zariza Ahmad |
| 260 | |a Kuala Lumpur : |b S.Abdul Majeed & Co , |c 1990 | ||
| 300 | |a 386pg. | ||
| 650 | 0 | |a Malaysia-Politics and government | |
| 999 | |a 0000147628 |b Book |c Adult Collection |e Cawangan Muar | ||
| 999 | |a 0000395017 |b Book |c REFERENCE |e Cawangan Tmn. Ungku Tun Aminah | ||